000 00913nam a22002177a 4500
003 OSt
005 20260124085320.0
008 230620b ||||| |||| 00| 0 eng d
040 _cSSBUL
041 _ashan
082 _223
_a294.34435
100 0 _aပူႇထီး ဝိၸိတ်တထမ်မ၊
_cၸဝ်ႈ။
_926349
245 1 0 _aၶၢဝ်းတၢင်းၸဝ်ႈပူႇထီး /
_cၸဝ်ႈပူႇထီး ဝိၸိတ်တထမ်မ။
260 _aၵုင်းထဵပ်ႈ၊
_bၽရိသတ်းထီႇၶိဝ်ႇၽီႇ၊
_c2010 ။
300 _a(5)၊ 82 ၼႃႈ၊
_bပႃးႁၢင်ႈ၊ ပႃးလွၵ်း၊
_c21 ၸိၼ်ႇတီႇ။
500 _aS-SAT: Dr. Prof Sai Aung Tun
650 _aၵၢၼ်ၼင်ႈတြႃး(ဝိပသ်ႉသၼႃႇ)
_926350
942 _cBK
942 _2ddc
942 _2ddc
999 _c26020
_d26020